[Event "ENCI Limburg-open A"]
[Site "Maastricht"]
[Date "2011.06.13"]
[Round "7"]
[White "Van Foreest, Jorden"]
[Black "Wilschut, Peter"]
[Result "1-0"]
[WhiteElo "2082"]
[BlackElo "2214"]
[PlyCount "69"]
[EventDate "2011.06.10"]
[EventType "swiss"]
[EventRounds "7"]
[EventCountry "NED"]
[Source "P.Boonen"]
[SourceDate "2012.01.01"]

1. e4 e6 2. d4 d5 3. Nc3 Bb4 4. Bd3 c5 5. exd5 exd5 6. dxc5 Bxc5 7. Nf3 Ne7 8.
O-O Nbc6 9. h3 h6 10. Bf4 Be6 11. Qd2 a6 12. Rfe1 Qd7 13. Ne2 Ng6 14. Bxg6 fxg6
15. Be3 Bxe3 16. Qxe3 O-O 17. Ned4 Nxd4 18. Nxd4 Bf7 19. Qd2 Rae8 20. Nf3 Qf5
21. c3 g5 22. Nd4 Qf6 23. Rxe8 Rxe8 24. Re1 Rxe1+ 25. Qxe1 Qf4 26. Qe3 Qc7 27.
Qd2 Kh7 28. Nc2 Qc4 29. a3 Qa2 30. Ne3 Kg8 31. Kh2 Qb3 32. Qd4 Qxb2 33. Nf5 Kf8
34. Qxg7+ Ke8 35. Qe5+ 1-0

[Event "ENCI Limburg-open A"]
[Site "Maastricht"]
[Date "2011.06.13"]
[Round "7"]
[White "Van Liempt, Michael"]
[Black "Mueer, Sebastian"]
[Result "0-1"]
[WhiteElo "1891"]
[BlackElo "2257"]
[PlyCount "116"]
[EventDate "2011.06.10"]
[EventType "swiss"]
[EventRounds "7"]
[EventCountry "NED"]
[Source "P.Boonen"]
[SourceDate "2012.01.01"]

1. e4 e6 2. d3 d5 3. Nd2 b6 4. g3 Nf6 5. Bg2 Bb7 6. e5 Nfd7 7. f4 Be7 8. Ngf3
O-O 9. O-O c5 10. Re1 Nc6 11. Nf1 Re8 12. Be3 f6 13. Bf2 Qc7 14. Bh3 Nf8 15. c3
Kh8 16. Rc1 a5 17. d4 f5 18. Ne3 Qd8 19. Kh1 Ba6 20. Rg1 cxd4 21. Nxd4 Nxd4 22.
cxd4 Qd7 23. g4 g6 24. gxf5 exf5 25. Qb3 b5 26. Bg2 Bb7 27. Qd1 Ne6 28. Bg3
Rec8 29. Qd2 Bd8 30. Rxc8 Rxc8 31. Nd1 Bb6 32. Bf2 b4 33. Be3 Bc6 34. Bf3 Qa7
35. h4 Bxd4 36. h5 Bxe3 37. Nxe3 Qb7 38. hxg6 d4 39. Bxc6 Qxc6+ 40. Ng2 hxg6
41. Rd1 Kg7 42. Kg1 Qe4 43. Rc1 Rxc1+ 44. Qxc1 d3 45. Qd2 Nd4 46. Qe3 Qxe3+ 47.
Nxe3 Ne2+ 48. Kf2 Nxf4 49. Ke1 Kf7 50. Nc4 a4 51. Kf2 d2 52. Nxd2 Nd3+ 53. Ke3
Nxb2 54. Kd4 Ke6 55. Nf3 b3 56. axb3 a3 57. Kc3 Nd1+ 58. Kc2 a2 0-1

[Event "ENCI Limburg-open A"]
[Site "Maastricht"]
[Date "2011.06.13"]
[Round "7"]
[White "Van Oosterom, Chiel"]
[Black "Cornelisse, John"]
[Result "1-0"]
[WhiteElo "2422"]
[BlackElo "2210"]
[PlyCount "143"]
[EventDate "2011.06.10"]
[EventType "swiss"]
[EventRounds "7"]
[EventCountry "NED"]
[Source "P.Boonen"]
[SourceDate "2012.01.01"]

1. c4 g6 2. g3 Bg7 3. Bg2 d6 4. Nc3 Nc6 5. d3 Nf6 6. e4 Nd4 7. Nge2 Nxe2 8.
Nxe2 c5 9. O-O O-O 10. Rb1 Bd7 11. h3 Rb8 12. Be3 Qc8 13. Kh2 b5 14. cxb5 Bxb5
15. Nc3 Bc6 16. Qd2 Rd8 17. Rfc1 Qb7 18. Qe1 Ne8 19. a3 Qb3 20. Qd2 Nc7 21. d4
Ba8 22. Ne2 Nb5 23. Rd1 cxd4 24. Nxd4 Nxd4 25. Bxd4 Qa4 26. Bxg7 Kxg7 27. Qc3+
Kg8 28. Rd4 Qa6 29. Bf1 Qb6 30. Qd2 Qc5 31. Rc1 Qb6 32. Rc2 Qb3 33. Bg2 a5 34.
Rd3 Qa4 35. Rc7 Rb7 36. Rdc3 Rxc7 37. Rxc7 Bxe4 38. b3 Qxb3 39. Bxe4 Qxa3 40.
Ra7 Qb4 41. Qxb4 axb4 42. Rxe7 d5 43. Bf3 Kg7 44. Rb7 Kf6 45. Rxb4 Rd7 46. Kg2
Ke5 47. Kf1 Rc7 48. Rb5 Rd7 49. Ke2 Kd4 50. Kd2 Rd6 51. Ra5 Kc4 52. Ra4+ Kc5
53. Ra5+ Kc4 54. Be2+ Kd4 55. h4 Rd7 56. Ra4+ Kc5 57. Kd3 Rb7 58. Ra5+ Kd6 59.
Rxd5+ Ke6 60. Rd4 Rb3+ 61. Ke4 Rb2 62. Ke3 Rb3+ 63. Rd3 Rb4 64. Rd4 Rb3+ 65.
Bd3 Ke5 66. Ra4 Rb7 67. Ra5+ Kf6 68. Ra6+ Ke7 69. Bc4 h6 70. Bd5 Rd7 71. Ke4
Kf8 72. Rb6 1-0

[Event "ENCI Limburg-open A"]
[Site "Maastricht"]
[Date "2011.06.13"]
[Round "7"]
[White "Van den Ouden, Lendert"]
[Black "Friese, Henning"]
[Result "0-1"]
[WhiteElo "2016"]
[BlackElo "2077"]
[PlyCount "80"]
[EventDate "2011.06.10"]
[EventType "swiss"]
[EventRounds "7"]
[EventCountry "NED"]
[Source "P.Boonen"]
[SourceDate "2012.01.01"]

1. Nf3 Nf6 2. c4 c6 3. d4 d5 4. Qc2 e6 5. g3 dxc4 6. Qxc4 b5 7. Qc2 Bb7 8. Bg2
Nbd7 9. O-O c5 10. dxc5 Bxc5 11. Bg5 Rc8 12. Qb3 a6 13. Nc3 O-O 14. a3 Qb6 15.
Rac1 Rfd8 16. Bxf6 Nxf6 17. Ne5 Bxg2 18. Kxg2 h6 19. Nd3 Bd4 20. Nb1 Rxc1 21.
Rxc1 Ne4 22. f3 Nf6 23. Qc2 Nd5 24. Qc6 Qa7 25. Nc3 Bxc3 26. bxc3 Ne3+ 27. Kh3
Rd5 28. Nf4 Rc5 29. Qe8+ Kh7 30. Qd8 Rc4 31. Qd3+ g6 32. Nh5 Qc5 33. g4 Nd5 34.
Qb1 Rxc3 35. Rxc3 Qxc3 36. Qe4 Qxa3 37. Nf4 Nxf4+ 38. Qxf4 Qe7 39. Qb8 e5 40.
Qh8+ Kxh8 0-1

[Event "ENCI Limburg-open A"]
[Site "Maastricht"]
[Date "2011.06.13"]
[Round "7"]
[White "Woestenburg, Jochem"]
[Black "De Cauter, Wolfgang"]
[Result "1-0"]
[WhiteElo "2032"]
[BlackElo "2014"]
[PlyCount "47"]
[EventDate "2011.06.10"]
[EventType "swiss"]
[EventRounds "7"]
[EventCountry "NED"]
[Source "P.Boonen"]
[SourceDate "2012.01.01"]

1. e4 e6 2. d4 c5 3. Nf3 cxd4 4. Nxd4 Nf6 5. Bd3 a6 6. O-O Qc7 7. c4 d6 8. Nc3
b6 9. Kh1 Bb7 10. Qe2 Nbd7 11. f4 g6 12. f5 gxf5 13. exf5 e5 14. Ne6 Qc6 15.
Nd5 fxe6 16. fxe6 Nxd5 17. cxd5 Qxd5 18. exd7+ Kxd7 19. Be3 Kc7 20. Rac1+ Bc6
21. Bc4 Qe4 22. Rf7+ Kd8 23. Qf2 Be7 24. Bxb6+ 1-0

[Event "ENCI Limburg-open C"]
[Site "Maastricht"]
[Date "2011.06.10"]
[Round "1"]
[White "Barbaric, Marco"]
[Black "Maessen, Roy"]
[Result "1/2-1/2"]
[WhiteElo "1406"]
[BlackElo "1648"]
[PlyCount "74"]
[EventDate "2011.06.10"]
[EventType "swiss"]
[EventRounds "7"]
[EventCountry "NED"]
[Source "P.Boonen"]
[SourceDate "2012.01.01"]

1. e4 d5 2. exd5 Nf6 3. Nf3 Nxd5 4. d4 g6 5. c4 Nb6 6. Nc3 Bg7 7. Be2 O-O 8.
O-O Nc6 9. Be3 Re8 10. Qd2 e5 11. d5 Ne7 12. Rad1 Nf5 13. Bc5 e4 14. Ne1 Bh6
15. Be3 Bxe3 16. fxe3 Qg5 17. Rf4 Qh6 18. Nb5 Re7 19. Nd4 Nxd4 20. Qxd4 Qg7 21.
Qd2 f5 22. b3 g5 23. Rf1 Nd7 24. Rxf5 Ne5 25. Rf1 g4 26. d6 Rd7 27. Qd5+ Kh8
28. c5 Nf3+ 29. Kh1 Nxh2 30. Kxh2 Qh6+ 31. Kg1 Qxe3+ 32. Kh1 Qh6+ 33. Kg1 Qe3+
34. Rf2 g3 35. Qe5+ Rg7 36. Qe8+ Rg8 37. Qe5+ Rg7 1/2-1/2

[Event "ENCI Limburg-open C"]
[Site "Maastricht"]
[Date "2011.06.10"]
[Round "1"]
[White "Been, Klaas"]
[Black "Vossen, Martijn"]
[Result "0-1"]
[WhiteElo "1738"]
[BlackElo "1564"]
[PlyCount "62"]
[EventDate "2011.06.10"]
[EventType "swiss"]
[EventRounds "7"]
[EventCountry "NED"]
[Source "P.Boonen"]
[SourceDate "2012.01.01"]

1. d4 d6 2. Nf3 g6 3. e3 Nf6 4. Bd3 Nbd7 5. Nbd2 Bg7 6. b3 c5 7. O-O O-O 8. Bb2
b6 9. c4 d5 10. Qc2 Bb7 11. cxd5 Nxd5 12. Rad1 Rc8 13. Qb1 e6 14. dxc5 Bxb2 15.
Qxb2 Nxc5 16. Bb1 Qe7 17. Ne5 Qg5 18. Ndf3 Qe7 19. Qd2 Rfd8 20. Qb2 Ba6 21.
Rfe1 f6 22. e4 Nf4 23. Rxd8+ Rxd8 24. Ng4 Kf7 25. Qa3 Bb7 26. Qxa7 Ra8 27.
Nge5+ fxe5 28. Nxe5+ Kg8 29. Qxa8+ Bxa8 30. g3 Nh3+ 31. Kg2 Ng5 0-1

[Event "ENCI Limburg-open C"]
[Site "Maastricht"]
[Date "2011.06.10"]
[Round "1"]
[White "Beissel, Daniel"]
[Black "De Ridder, Gertie"]
[Result "1-0"]
[WhiteElo "1586"]
[BlackElo "1020"]
[PlyCount "65"]
[EventDate "2011.06.10"]
[EventType "swiss"]
[EventRounds "7"]
[EventCountry "NED"]
[Source "P.Boonen"]
[SourceDate "2012.01.01"]

1. d4 d5 2. g3 Nf6 3. Bg2 Nc6 4. Nf3 Bf5 5. c3 e6 6. Nbd2 Bd6 7. O-O O-O 8. Nh4
Bg6 9. Nxg6 fxg6 10. e4 dxe4 11. Nxe4 Be7 12. f4 Nd5 13. Bh3 Qd7 14. Re1 Nd8
15. Bd2 b5 16. a3 Rc8 17. Qe2 c6 18. b4 Nc7 19. Rad1 Nb7 20. Nf2 Rf6 21. Bc1
Qd5 22. Rd3 Rd8 23. Bg2 Qc4 24. Ng4 Rff8 25. Ne5 Qb3 26. Nxc6 Rd7 27. Nxe7+
Rxe7 28. Bxb7 Qc4 29. Re3 Qxe2 30. R3xe2 Rf6 31. d5 Rd7 32. dxe6 Nxe6 33. Bc8
1-0

[Event "ENCI Limburg-open C"]
[Site "Maastricht"]
[Date "2011.06.10"]
[Round "1"]
[White "Buis, Jan"]
[Black "Mooren, Jo"]
[Result "1/2-1/2"]
[WhiteElo "1509"]
[BlackElo "1685"]
[PlyCount "54"]
[EventDate "2011.06.10"]
[EventType "swiss"]
[EventRounds "7"]
[EventCountry "NED"]
[Source "P.Boonen"]
[SourceDate "2012.01.01"]

1. d4 g6 2. Nf3 Bg7 3. Bf4 d6 4. e3 Nf6 5. h3 a6 6. c3 Nbd7 7. Be2 c5 8. Na3
O-O 9. Nc2 b5 10. O-O Bb7 11. a3 c4 12. Re1 Re8 13. Bh2 Nb6 14. Nd2 Qd7 15. Bf3
d5 16. Be5 Qd8 17. Rb1 Nfd7 18. Bxg7 Kxg7 19. e4 e6 20. exd5 exd5 21. Ne3 Nf6
22. Qc2 Qd6 23. Re2 Re7 24. Rbe1 Rae8 25. Nef1 Rxe2 26. Rxe2 Rxe2 27. Bxe2 Bc8
1/2-1/2

[Event "ENCI Limburg-open C"]
[Site "Maastricht"]
[Date "2011.06.10"]
[Round "1"]
[White "De Schepper, Marcel"]
[Black "Schrader, Bernd"]
[Result "1-0"]
[WhiteElo "1617"]
[BlackElo "1372"]
[PlyCount "77"]
[EventDate "2011.06.10"]
[EventType "swiss"]
[EventRounds "7"]
[EventCountry "NED"]
[Source "P.Boonen"]
[SourceDate "2012.01.01"]

1. d4 d5 2. c4 c6 3. e3 Nf6 4. Nc3 e6 5. Nf3 Nbd7 6. Bd3 Bb4 7. O-O O-O 8. Qc2
dxc4 9. Bxc4 Nd5 10. a3 Bd6 11. Bd3 N7f6 12. e4 Nxc3 13. bxc3 Ng4 14. e5 Bc7
15. Bxh7+ Kh8 16. Bd3 g6 17. h3 Kg7 18. hxg4 Rh8 19. Bg5 Qg8 20. Bf6+ Kf8 21.
Bxh8 Qxh8 22. Nh2 c5 23. f4 b6 24. Be4 Rb8 25. Rf3 f5 26. exf6 Qxf6 27. dxc5
Kg7 28. Rb1 bxc5 29. Rxb8 Bxb8 30. g3 Bd7 31. Qd3 Be8 32. g5 Qe7 33. c4 Bc7 34.
Ng4 a5 35. Rf2 e5 36. Nf6 exf4 37. gxf4 Kf8 38. Bd5 Qd6 39. Qc3 {.....} 1-0

[Event "ENCI Limburg-open C"]
[Site "Maastricht"]
[Date "2011.06.10"]
[Round "1"]
[White "De Vries, Robert"]
[Black "Ulburghs, Piet"]
[Result "1-0"]
[WhiteElo "1536"]
[BlackElo "1697"]
[PlyCount "127"]
[EventDate "2011.06.10"]
[EventType "swiss"]
[EventRounds "7"]
[EventCountry "NED"]
[Source "P.Boonen"]
[SourceDate "2012.01.01"]

1. e4 c5 2. Nc3 e6 3. Nf3 Nc6 4. g3 a6 5. Bg2 b5 6. O-O Bb7 7. d3 Nge7 8. d4
cxd4 9. Nxd4 Nxd4 10. Qxd4 Nc6 11. Qd1 Rc8 12. Be3 Be7 13. f4 d6 14. Ne2 O-O
15. c3 Na5 16. Bd4 Nc6 17. Bf2 b4 18. cxb4 Nxb4 19. Qb3 d5 20. a3 dxe4 21. axb4
Qd2 22. Qe3 Qxb4 23. Nc3 Rc4 24. Ra4 Qb3 25. Rxc4 Qxc4 26. Qd4 Qxd4 27. Bxd4 f5
28. Rd1 Rc8 29. Kf2 Kf7 30. Ke3 h6 31. Bf1 g5 32. Rd2 Bb4 33. Be5 Bc5+ 34. Bd4
Be7 35. Bb6 a5 36. Rd7 Bc6 37. Rc7 Rxc7 38. Bxc7 Bc5+ 39. Ke2 a4 40. Kd1 Bg1
41. h3 Bh2 42. fxg5 hxg5 43. Bb5 Bxb5 44. Nxb5 Kf6 45. Ke2 e5 46. Kf2 f4 47.
gxf4 exf4 48. Nc3 Bg3+ 49. Kf1 Kf5 50. Nxa4 g4 51. hxg4+ Kxg4 52. Nc3 Kf3 53.
b4 Ke3 54. Ne2 Bh2 55. b5 Kd2 56. Bxf4+ Bxf4 57. Nxf4 Ke3 58. b6 Kxf4 59. b7
Kf3 60. b8=Q Ke3 61. Qb3+ Kd2 62. Kf2 Kc1 63. Qe3+ Kd1 64. Qxe4 1-0

[Event "ENCI Limburg-open C"]
[Site "Maastricht"]
[Date "2011.06.10"]
[Round "1"]
[White "Disters, Ingrid"]
[Black "Bauchmueller, Franz Josef"]
[Result "0-1"]
[WhiteElo "1101"]
[BlackElo "1587"]
[PlyCount "74"]
[EventDate "2011.06.10"]
[EventType "swiss"]
[EventRounds "7"]
[EventCountry "NED"]
[Source "P.Boonen"]
[SourceDate "2012.01.01"]

1. e4 e5 2. Nf3 Nc6 3. Bb5 Nd4 4. Nc3 Bb4 5. Nd5 Nxf3+ 6. Qxf3 Bf8 7. Nc3 Qf6
8. Qe3 c6 9. Bc4 b6 10. d3 Bc5 11. Qf3 b5 12. Qxf6 Nxf6 13. Bb3 d6 14. h3 O-O
15. O-O Kh8 16. Ne2 Nh5 17. c3 Bb6 18. d4 exd4 19. cxd4 Be6 20. d5 cxd5 21.
exd5 Bd7 22. Bf4 Bc5 23. Rad1 Rfe8 24. Rfe1 Rxe2 25. Rxe2 Nxf4 26. Re7 Rd8 27.
Rxf7 Ng6 28. Rf3 Re8 29. Bc2 Ne5 30. Rf4 g5 31. Re4 Rf8 32. Rf1 b4 33. b3 Bb5
34. Rd1 Rxf2 35. Rc1 Rxc2+ 36. Kh2 Rxc1 37. h4 Rc2 0-1

[Event "ENCI Limburg-open C"]
[Site "Maastricht"]
[Date "2011.06.10"]
[Round "1"]
[White "Elisen, Peter"]
[Black "Nissel, Andreas"]
[Result "1/2-1/2"]
[WhiteElo "1500"]
[BlackElo "1668"]
[PlyCount "77"]
[EventDate "2011.06.10"]
[EventType "swiss"]
[EventRounds "7"]
[EventCountry "NED"]
[Source "P.Boonen"]
[SourceDate "2012.01.01"]

1. d4 Nf6 2. c4 e6 3. Nc3 d5 4. g3 c6 5. Bg2 Nbd7 6. Nf3 Bd6 7. O-O O-O 8. b3
Re8 9. Nh4 dxc4 10. bxc4 e5 11. d5 cxd5 12. cxd5 Qa5 13. Bd2 Bb4 14. Rc1 Bxc3
15. Bxc3 Qxa2 16. e4 Nc5 17. Re1 b6 18. Re2 Qa4 19. Qxa4 Nxa4 20. Ba1 Nc5 21.
Rc3 Nfd7 22. Nf5 f6 23. Nd6 Rd8 24. Ra2 a5 25. Nb5 Nf8 26. Rd2 Bd7 27. Nc7 Ra7
28. d6 Nfe6 29. Nd5 b5 30. f4 b4 31. Re3 exf4 32. gxf4 b3 33. e5 fxe5 34. fxe5
a4 35. Ne7+ Kh8 36. Bd5 Rb8 37. Rh3 a3 38. Ng6+ Kg8 39. Ne7+ 1/2-1/2

[Event "ENCI Limburg-open C"]
[Site "Maastricht"]
[Date "2011.06.10"]
[Round "1"]
[White "Freriks, Oscar"]
[Black "Hodzic, Hajrudin"]
[Result "0-1"]
[WhiteElo "1505"]
[BlackElo "1678"]
[PlyCount "70"]
[EventDate "2011.06.10"]
[EventType "swiss"]
[EventRounds "7"]
[EventCountry "NED"]
[Source "P.Boonen"]
[SourceDate "2012.01.01"]

1. e4 d5 2. exd5 Qxd5 3. Nc3 Qd8 4. Nf3 c6 5. Bc4 e6 6. d3 Nf6 7. Bf4 Nbd7 8.
Qe2 Nb6 9. O-O Be7 10. Bb3 Nfd5 11. Be5 Nxc3 12. Bxc3 O-O 13. Rfe1 Nd5 14. Be5
Bd6 15. Rad1 a5 16. a4 Qc7 17. Qe4 Bxe5 18. Nxe5 Qe7 19. c4 Nf6 20. Qf3 Nd7 21.
d4 Nxe5 22. Rxe5 f5 23. c5 Rf6 24. Rxf5 Bd7 25. Re1 Raf8 26. Rxf6 Rxf6 27. Qc3
Qd8 28. Qh3 Qc8 29. Re5 g6 30. g4 Qf8 31. Qe3 Rf3 32. Bxe6+ Bxe6 33. Qe1 Bd7
34. g5 Rf5 35. Re7 Rxg5+ 0-1

[Event "ENCI Limburg-open C"]
[Site "Maastricht"]
[Date "2011.06.10"]
[Round "1"]
[White "Giesen, Janneke"]
[Black "Tamminga, Melle"]
[Result "0-1"]
[WhiteElo "1268"]
[BlackElo "1605"]
[PlyCount "46"]
[EventDate "2011.06.10"]
[EventType "swiss"]
[EventRounds "7"]
[EventCountry "NED"]
[Source "P.Boonen"]
[SourceDate "2012.01.01"]

1. e4 e5 2. Nf3 Nc6 3. Nc3 Nf6 4. Bb5 a6 5. Bxc6 dxc6 6. Nxe5 Bb4 7. O-O O-O 8.
d4 Bxc3 9. bxc3 Nxe4 10. Qd3 Nd6 11. Re1 Bf5 12. Qd2 f6 13. Nd3 Qd7 14. Qf4
Rfe8 15. Ba3 Nc4 16. Nc5 Qd5 17. Bb4 a5 18. Bxa5 Nxa5 19. Qxc7 Nc4 20. Re7 Rxe7
21. Qxe7 Qf7 22. Qxf7+ Kxf7 23. Nxb7 Rb8 0-1

[Event "ENCI Limburg-open C"]
[Site "Maastricht"]
[Date "2011.06.10"]
[Round "1"]
[White "Gulikers, Ruud"]
[Black "Heuts, Guido"]
[Result "1/2-1/2"]
[WhiteElo "1631"]
[BlackElo "1397"]
[PlyCount "60"]
[EventDate "2011.06.10"]
[EventType "swiss"]
[EventRounds "7"]
[EventCountry "NED"]
[Source "P.Boonen"]
[SourceDate "2012.01.01"]

1. e4 c6 2. d4 d5 3. exd5 cxd5 4. c4 Nf6 5. Nc3 Bf5 6. h3 e6 7. Nf3 h6 8. c5 a6
9. Ne5 Nbd7 10. g4 Bh7 11. g5 Ne4 12. Nxe4 Bxe4 13. f3 Bf5 14. Nxd7 Qxd7 15.
gxh6 gxh6 16. Bd3 Bxd3 17. Qxd3 Bg7 18. Bf4 Qb5 19. Qxb5+ axb5 20. Be3 Ke7 21.
b3 h5 22. Kd2 Bh6 23. Bxh6 Rxh6 24. Kc3 Rf6 25. Rhf1 Rg8 26. Kb4 Rf4 27. Rad1
Rg3 28. h4 Kd7 29. Kxb5 Kc7 30. a4 Rg2 1/2-1/2

[Event "ENCI Limburg-open C"]
[Site "Maastricht"]
[Date "2011.06.10"]
[Round "1"]
[White "Gundogmus, Alaetin"]
[Black "Boer, Jan"]
[Result "0-1"]
[WhiteElo "1552"]
[BlackElo "1729"]
[PlyCount "44"]
[EventDate "2011.06.10"]
[EventType "swiss"]
[EventRounds "7"]
[EventCountry "NED"]
[Source "P.Boonen"]
[SourceDate "2012.01.01"]

1. d4 d5 2. c4 c6 3. Nc3 e5 4. e3 exd4 5. exd4 g6 6. cxd5 cxd5 7. Bb5+ Nc6 8.
Nf3 Bg7 9. Be3 Nge7 10. O-O O-O 11. Re1 Bg4 12. Be2 Nf5 13. Bg5 Qd6 14. Qb3 h6
15. Bd2 Nfxd4 16. Qxd5 Qxd5 17. Nxd5 Nc2 18. Bc3 Nxa1 19. Nf6+ Bxf6 20. Bxf6
Nc2 21. Rc1 N2b4 22. a3 Nd5 0-1

[Event "ENCI Limburg-open C"]
[Site "Maastricht"]
[Date "2011.06.10"]
[Round "1"]
[White "Hendrikse, Arnoud"]
[Black "Van der Wouw, Paul"]
[Result "1-0"]
[WhiteElo "1707"]
[BlackElo "1538"]
[PlyCount "89"]
[EventDate "2011.06.10"]
[EventType "swiss"]
[EventRounds "7"]
[EventCountry "NED"]
[Source "P.Boonen"]
[SourceDate "2012.01.01"]

1. Nf3 Nf6 2. d4 d5 3. c4 e6 4. g3 Be7 5. Bg2 O-O 6. O-O c6 7. Nbd2 Nbd7 8. Re1
Re8 9. e4 dxe4 10. Nxe4 Nf8 11. Bd2 Ng6 12. Bc3 Rb8 13. b4 b6 14. Qc2 Bb7 15.
Rad1 Qc7 16. h4 c5 17. Nxf6+ Bxf6 18. dxc5 Bxc3 19. Qxc3 bxc5 20. b5 Rbd8 21.
a4 Rxd1 22. Rxd1 Rd8 23. Rd2 Rxd2 24. Qxd2 f6 25. a5 Nf8 26. a6 Ba8 27. Ne1
Bxg2 28. Nxg2 Nd7 29. Ne3 Kf7 30. Kg2 Ke7 31. f4 Kf7 32. f5 e5 33. Qd5+ Kf8 34.
Qc6 Qxc6+ 35. bxc6 Nb6 36. c7 Nc8 37. Nd5 Ke8 38. Kf3 Kf7 39. g4 h6 40. g5 h5
41. gxf6 gxf6 42. Ke3 Kg7 43. Kd3 Kf7 44. Kc3 e4 45. Kd2 1-0

[Event "ENCI Limburg-open C"]
[Site "Maastricht"]
[Date "2011.06.10"]
[Round "1"]
[White "Huzen, Maron"]
[Black "Scheeren, Wiel"]
[Result "0-1"]
[WhiteElo "1387"]
[BlackElo "1625"]
[PlyCount "74"]
[EventDate "2011.06.10"]
[EventType "swiss"]
[EventRounds "7"]
[EventCountry "NED"]
[Source "P.Boonen"]
[SourceDate "2012.01.01"]

1. e4 d6 2. Nf3 Nd7 3. Nc3 Ngf6 4. d4 e5 5. dxe5 dxe5 6. Bg5 Be7 7. Bc4 c6 8.
a3 Qc7 9. O-O h6 10. Bh4 Nf8 11. Bxf6 Bxf6 12. Qd2 Be6 13. Be2 Ng6 14. b3 Rd8
15. Qe1 O-O 16. Rd1 Nf4 17. Rxd8 Rxd8 18. Qc1 Nxe2+ 19. Nxe2 Bg4 20. Qe3 Bxf3
21. Qxf3 Rd2 22. c3 Qd6 23. Ng3 Qxa3 24. c4 Rb2 25. Qf5 Rxb3 26. Nh5 Qd6 27.
Rc1 Rd3 28. Qg4 g6 29. c5 Qd8 30. Nxf6+ Qxf6 31. Qc8+ Qd8 32. Qg4 h5 33. Qe2
Rd2 34. Qe1 Qd3 35. h3 Re2 36. Qb4 Qd2 37. Rc3 Rxf2 0-1

[Event "ENCI Limburg-open C"]
[Site "Maastricht"]
[Date "2011.06.10"]
[Round "1"]
[White "Johnson, Mark1"]
[Black "Dekens, Joop"]
[Result "1-0"]
[WhiteElo "1138"]
[BlackElo "1595"]
[PlyCount "43"]
[EventDate "2011.06.10"]
[EventType "swiss"]
[EventRounds "7"]
[EventCountry "NED"]
[Source "P.Boonen"]
[SourceDate "2012.01.01"]

1. e4 c5 2. Nf3 d6 3. d4 cxd4 4. Nxd4 g6 5. Be3 Nf6 6. Nc3 Bg7 7. Qd2 O-O 8.
Be2 Nc6 9. f3 Bd7 10. O-O-O Rb8 11. g4 b5 12. Ndxb5 Ne5 13. Nd4 Qc8 14. Nd5
Nxd5 15. exd5 Nc4 16. Bxc4 Qxc4 17. Nb3 Rfc8 18. Qd3 Qb4 19. Bd4 a5 20. Bxg7
Kxg7 21. Qd4+ Kf8 22. Qh8# 1-0

[Event "ENCI Limburg-open C"]
[Site "Maastricht"]
[Date "2011.06.10"]
[Round "1"]
[White "Lennartz, Ludwig"]
[Black "Schlepuetz, Volker"]
[Result "1/2-1/2"]
[WhiteElo "1626"]
[BlackElo "1396"]
[PlyCount "83"]
[EventDate "2011.06.10"]
[EventType "swiss"]
[EventRounds "7"]
[EventCountry "NED"]
[Source "P.Boonen"]
[SourceDate "2012.01.01"]

1. d4 Nf6 2. c4 e6 3. Nf3 b6 4. g3 Bb7 5. Bg2 c5 6. O-O cxd4 7. Nxd4 Bxg2 8.
Kxg2 Qc7 9. b3 Nc6 10. Bb2 Nxd4 11. Qxd4 Bc5 12. Qh4 Qc6+ 13. f3 Be7 14. Nd2 h5
15. Qg5 Rh7 16. Qf4 Ng4 17. Bd4 g5 18. Qe4 Qxe4 19. Nxe4 f5 20. Nc3 Nf6 21. Nb5
Kf7 22. Rad1 a6 23. Nc3 d6 24. Bxb6 Rg8 25. Bf2 f4 26. b4 fxg3 27. Bxg3 e5 28.
Nd5 Nxd5 29. Rxd5 h4 30. Bf2 g4 31. fxg4 Rxg4+ 32. Kh1 Rf4 33. Rdd1 Ke6 34. Bb6
Rxc4 35. a3 Rc2 36. e3 Rg7 37. Rg1 Rxg1+ 38. Kxg1 Re2 39. Rd3 Bg5 40. Bc7 d5
41. Bb6 Rc2 42. Rb3 1/2-1/2

[Event "ENCI Limburg-open C"]
[Site "Maastricht"]
[Date "2011.06.10"]
[Round "1"]
[White "Mathee, Jochen"]
[Black "Krug, Franz Dieter"]
[Result "1-0"]
[WhiteElo "1650"]
[BlackElo "1411"]
[PlyCount "49"]
[EventDate "2011.06.10"]
[EventType "swiss"]
[EventRounds "7"]
[EventCountry "NED"]
[Source "P.Boonen"]
[SourceDate "2012.01.01"]

1. d4 d5 2. Nf3 e6 3. e3 Ne7 4. Bd3 Ng6 5. Nbd2 Bd6 6. c3 c6 7. O-O Nd7 8. e4
Nf4 9. Bc2 e5 10. exd5 cxd5 11. dxe5 Nxe5 12. Nxe5 Bxe5 13. Nf3 O-O 14. Nxe5
Qg5 15. Bxf4 Qxf4 16. Qxd5 Be6 17. Qe4 Qh6 18. Rfd1 Rae8 19. Ba4 Re7 20. Qd4 a6
21. Qd8 b5 22. Qxe7 bxa4 23. Rd8 g6 24. Qxf8+ Qxf8 25. Rxf8+ 1-0

[Event "ENCI Limburg-open C"]
[Site "Maastricht"]
[Date "2011.06.10"]
[Round "1"]
[White "Mollema, Henk"]
[Black "Daemen, Jules"]
[Result "0-1"]
[WhiteElo "1397"]
[BlackElo "1629"]
[PlyCount "36"]
[EventDate "2011.06.10"]
[EventType "swiss"]
[EventRounds "7"]
[EventCountry "NED"]
[Source "P.Boonen"]
[SourceDate "2012.01.01"]

1. e4 d5 2. exd5 Nf6 3. c4 c6 4. Nc3 cxd5 5. d4 Nc6 6. Nf3 Bg4 7. Be2 e6 8. Be3
Be7 9. b4 Bxb4 10. Qb3 Qa5 11. Bd2 Bxf3 12. Bxf3 Nxd4 13. Qb2 Nxf3+ 14. gxf3
dxc4 15. a3 Qe5+ 16. Kf1 Bc5 17. Re1 Qf5 18. Qxb7 O-O 0-1

[Event "ENCI Limburg-open C"]
[Site "Maastricht"]
[Date "2011.06.10"]
[Round "1"]
[White "Overtoom, Reinier"]
[Black "Knof, Henrike"]
[Result "1-0"]
[WhiteElo "1668"]
[BlackElo "1488"]
[PlyCount "37"]
[EventDate "2011.06.10"]
[EventType "swiss"]
[EventRounds "7"]
[EventCountry "NED"]
[Source "P.Boonen"]
[SourceDate "2012.01.01"]

1. Nc3 e5 2. e4 Nf6 3. Bc4 Bb4 4. d3 c6 5. f4 d5 6. fxe5 Ng4 7. exd5 cxd5 8.
Bb5+ Nc6 9. d4 O-O 10. Nf3 Ngxe5 11. dxe5 d4 12. a3 Ba5 13. Bxc6 dxc3 14. b4
Qxd1+ 15. Kxd1 Rd8+ 16. Ke2 Bc7 17. Be4 Rb8 18. Be3 b6 19. Rad1 1-0

[Event "ENCI Limburg-open C"]
[Site "Maastricht"]
[Date "2011.06.10"]
[Round "1"]
[White "Oxener, Aldo"]
[Black "Weerts, Rene"]
[Result "1-0"]
[WhiteElo "1465"]
[BlackElo "1651"]
[PlyCount "59"]
[EventDate "2011.06.10"]
[EventType "swiss"]
[EventRounds "7"]
[EventCountry "NED"]
[Source "P.Boonen"]
[SourceDate "2012.01.01"]

1. d4 g6 2. Nf3 d6 3. Bg5 h6 4. Bh4 c6 5. e3 Bg7 6. Bd3 g5 7. Bg3 Nf6 8. h3 Na6
9. c3 Nc7 10. O-O Bd7 11. Qc2 Qc8 12. Nbd2 b5 13. a4 a6 14. e4 Nh5 15. Bh2 Ne6
16. e5 Nhf4 17. exd6 exd6 18. Ne4 Qc7 19. Rfe1 O-O 20. Ng3 Nxd3 21. Qxd3 Nf4
22. Qc2 Qc8 23. Ne4 Bf5 24. Qd2 Bxe4 25. Rxe4 d5 26. Re7 Bf6 27. Ree1 g4 28.
Qxf4 gxf3 29. Qxf6 fxg2 30. Be5 1-0